| 000 | 00640aam a2200241 4500 | ||
|---|---|---|---|
| 005 | 20260311181541.0 | ||
| 008 | 150717b1994 xxu||||| |||| 00| 0 spa d | ||
| 020 | _a9977140138 | ||
| 041 | _aESP | ||
| 082 | _a364.153 C319h | ||
| 100 |
_aCarro Hernández, María del R _914297 |
||
| 100 |
_aRodríguez Rodríguez, Sonia _914298 |
||
| 245 | _aEl hostigamiento sexual en las relaciones laborales | ||
| 260 | _aCosta Rica | ||
| 260 | _bJuritexto | ||
| 260 | _c1994 | ||
| 300 | _a64 páginas | ||
| 490 | _aInvestigación Criminal | ||
| 650 | _aCOSTA RICA | ||
| 650 | _aDELITOS SEXUALES | ||
| 650 | _aDERECHO LABORAL | ||
| 942 |
_cBK _2ddc |
||
| 999 |
_c42 _d42 |
||